000
00298nam a2200121Ia 4500
100
_a
Weller/ E.J.
942
_c
BK
654
_a
Maching Processes
245
_a
Non traditional Maching Processes
260
_b
Society of Manufacturing Engineers
_a
Dearborn
_c
1984
546
_a
ENGLISH
999
_c
26057
_d
26057